El rediseño socio-institucional y la acción colectiva : (Record no. 187811)

MARC details
000 -CABECERA
campo de control de longitud fija 01931nab a2200265 a 4500
005 - FECHA Y HORA DE LA ÚLTIMA TRANSACCIÓN
campo de control 20210219163051.0
008 - ELEMENTOS DE LONGITUD FIJA--INFORMACIÓN GENERAL
campo de control de longitud fija 991125s1985 mx 000 0 spa u
035 ## - NÚMERO DE CONTROL DEL SISTEMA
Número de control de sistema UPN01000215711
049 ## - COLECCIÓN
Colección ART
100 1# - ASIENTO PRINCIPAL--NOMBRE PERSONAL
Nombre de persona Sánchez, Becker
100 1# - ASIENTO PRINCIPAL--NOMBRE PERSONAL
Filiación beckersanchez@gmail.com
222 #0 - TÍTULO CLAVE
Título clave ESPACIO ABIERTO : CUADERNO VENEZOLANO DE SOCIOLOGIA
245 00 - MENCIÓN DE TÍTULO
Título El rediseño socio-institucional y la acción colectiva :
Resto del título la experiencia venezolana de la Democracia Participativa y Protagónica del Modelo Socialista de Hugo Chávez
300 ## - DESCRIPCIÓN FÍSICA
Extensión 73-91
362 0# - FECHAS DE PUBLICACIÓN Y/O DESIGNACIÓN SECUENCIAL
Fecha de publicación y/o designación secuencial 2016 Volumen 25, número 1, enero-marzo
520 3# - NOTA DE RESUMEN, ETC.
Sumario, etc. Pocos estudios empíricos muestran cómo los intereses y prácticas de los actores generan transformaciones socioinstitucionales. El artículo se centra en el plano estratégico de la expansión de cuotas de poder (político y social) a partir de una arquitectura normativa-institucional construida por el Estado para la democracia participativa y protagónica como expresión del socialismo bolivariano. Se fundamenta en los resultados de tres proyectos de investigación multidisciplinarios con énfasis al sur de Venezuela (2007-2015), que combinaron el trabajo etnográfico con la investigación - acción – participativa, que permitieron hilvanar la red interactiva de actores y reconstruir el complejo sistema de organización política y social. Concluimos que progresivamente se han reproducido aprendizajes colectivos, elementos de empoderamiento y la confluencia de sistemas de conocimientos plurales
653 0# - TERMINO DE INDIZACION - NO CONTROLADO
Término no controlado PARTICIPACION CIUDADANA
653 0# - TERMINO DE INDIZACION - NO CONTROLADO
Término no controlado GOBIERNO BOLIVARIANO
653 0# - TERMINO DE INDIZACION - NO CONTROLADO
Término no controlado DEMOCRACIA PARTICIPATIVA
653 0# - TERMINO DE INDIZACION - NO CONTROLADO
Término no controlado CHAVEZ FRIAS, HUGO RAFAEL, 1954-2013
653 0# - TERMINO DE INDIZACION - NO CONTROLADO
Término no controlado VENEZUELA
856 4# - LOCALIZACIÓN Y ACCESO ELECTRÓNICOS
Identificador Uniforme del Recurso <a href="file:///C:/Users/srome/Downloads/Dialnet-ElRedisenoSocioinstitucionalYLaAccionColectivaLaEx-5410609.pdf">file:///C:/Users/srome/Downloads/Dialnet-ElRedisenoSocioinstitucionalYLaAccionColectivaLaEx-5410609.pdf</a>
856 4# - LOCALIZACIÓN Y ACCESO ELECTRÓNICOS
Identificador Uniforme del Recurso <a href="http://www.redalyc.org/articulo.oa?id=12246589005">http://www.redalyc.org/articulo.oa?id=12246589005</a>
905 ## - TIPO DE MATERIAL
Tipo de material Articulo

No items available.